Realizovať prieskum trhu nie je jednoduché

Prieskum trhu, jeho využívanie. Štruktúra a prehľad vývoja prieskumu trhu na Slovensku. Možné zdroje chýb pri realizácii prieskumu. Stanovenie cieľa prieskumu. Spolupráca medzi zadávateľom a realizátorom.

Enregistré dans:
Détails bibliographiques
Auteur principal: Vokounová, Dana, 1962-
Format: Chapitre de livre
Langue:slovaque
Sujets:
Tags: Ajouter un tag
Pas de tags, Soyez le premier à ajouter un tag!

MARC

LEADER 00000naa a2200000 4500
001 r048700
005 20230907084641.7
041 0 |a slo 
044 |a SK 
245 1 0 |a Realizovať prieskum trhu nie je jednoduché  |c Dana Vokounová 
520 |a Prieskum trhu, jeho využívanie. Štruktúra a prehľad vývoja prieskumu trhu na Slovensku. Možné zdroje chýb pri realizácii prieskumu. Stanovenie cieľa prieskumu. Spolupráca medzi zadávateľom a realizátorom. 
610 2 0 |a prieskum trhu 
610 2 0 |a marketing 
610 2 0 |a manažment 
610 2 0 |a firmy 
610 2 0 |a služby 
610 2 0 |a práca tímová 
610 2 0 |a informácie 
100 1 |a Vokounová, Dana, 1962-